Гробниците на Атуан (Запис номер 169900)
[ съкратено ]
| 000 -Лидер | |
|---|---|
| Контролно поле с фиксирана дължина | 01904nam a2200349 c 4500 |
| 003 - Код на организацията, давaща контролен номер | |
| Контролно поле | BLK |
| 005 - Дата и час на последна редакция | |
| Контролно поле | 20240711134951.0 |
| 008 - Елементи от данни с фиксирана дължина | |
| fixed length control field | 180411b bul|||||r ||||||| ||bul|| |
| 010 ## - Наследен системен номер | |
| LC control number | KNG00177958000 |
| 020 ## - Международен стандартен номер на книга ISBN | |
| Международен стандартен номер на книга ISBN | 954-444-019-4 |
| -- | издат.: Орфия |
| 040 ## - Източник на каталожния запис | |
| Идентификатор на билиотеката - собственик на записа | BLK |
| 041 ## - Код за език | |
| Код за езика на текст/звукозапис или на отделно заглавие | Български |
| Код за езика КДБФ | Български |
| 080 ## - УДК | |
| Текстов определител УДК | Американска литература (на САЩ) |
| УДК код - определител по УДК | 821.111(73) |
| УДК определител | -312.9 |
| УДК - код + определител | 821.111(73)-312.9 |
| 100 1# - Редна дума - Автор | |
| Автор | Ле Гуин, Урсула Кроебер |
| Авторска отговорност | първи автор |
| R(LIN) | 251337 |
| 139 ## - Редно поле | |
| Редна дума | Ле Гуин, Урсула Кроебер |
| Авторски знак | Легу - Л 38 |
| 245 10 - Сведения за заглавието | |
| Заглавие | Гробниците на Атуан |
| Подзаглавни данни | Роман |
| Редно поле (дума) | Урсула Кроебер Ле Гуин; прев. от англ. Мария Кръстева; * Мария Кръстева Георгиева; с послесл. от Александър Георгиев Карапанчев. |
| 257 ## - Страна на издаване | |
| Страна на създаване/издаване | Съединени американски щати |
| 260 ## - Област на издателските данни | |
| -- | София |
| Име на издателя, разпространителя и проч. | Орфия |
| Година на издаване | 1992 |
| 300 ## - Физическа характеристика | |
| Страници | 160 с. |
| Размери/Мащаб | 16 см |
| 380 ## - Жанр | |
| Жанр | Худож. лит. |
| 490 1# - СЕРИИ (Колекции) | |
| Име на серия | Фантастика |
| №: серия | 017 |
| 500 ## - Общи забележки | |
| Забележка | Ориг. загл. The Tombs of Atuan / Ursula K. Le Guin. - Кн. е втори роман от епоса за Землемория. - Кор. загл. Землемория II. Гробниците на Атуан. - Пълното име на прев. е Мария Кръстева Георгиева. |
| 700 1# - Други автори (авторска отговорност) | |
| Лично име | Кръстева, Мария |
| Дати, свързани с автора | 1957 - 2011 |
| Пълна форма на името | Георгиева, Мария Кръстева |
| 9 (RLIN) | 53160 |
| 700 1# - Други автори (авторска отговорност) | |
| Лично име | Кръстева, Мария |
| Дати, свързани с автора | 1957 - 2011 |
| Пълна форма на името | Георгиева, Мария Кръстева |
| 9 (RLIN) | 53160 |
| 700 1# - Други автори (авторска отговорност) | |
| Лично име | Карапанчев, Александър Георгиев |
| Автороска отговорност (Описва отношението между автора и произведението) | с послесл. от |
| 9 (RLIN) | 366881 |
| 852 ## - Местоположение | |
| Форматна сигнатура | Цб І 26365 |
| 856 4# - Електронен адрес и достъп | |
| Електронен формат | pdf - файл |
| Път до файла /url/ | |
| 856 4# - Електронен адрес и достъп | |
| Електронен формат | pdf - файл |
| Път до файла /url/ | |
| 942 ## - АРТИКУЛИ | |
| Вид на библиотечния материал | Книги |
| Скрит в OPAC | Не |
| 944 ## - СЪЗДАВАНЕ И РЕДАКЦИЯ на ЗАПИСА | |
| Създаване/Редакция | Създаване |
| Дата на регистрацията/редакция | 09.07.2015 |
| Служител, извършил регистрацията/редакцията | 30560 |
| Статус, дата на статуса | Геновева Генчева |
| 944 ## - СЪЗДАВАНЕ И РЕДАКЦИЯ на ЗАПИСА | |
| Създаване/Редакция | Редакция |
| Дата на регистрацията/редакция | 09.07.2015 |
| Служител, извършил регистрацията/редакцията | Милена_Ачева |
| 999 ## - СИСТЕМНИ КОНТРОЛНИ НОМЕРА | |
| Koha biblionumber | 169900 |
| Koha biblioitemnumber | 169900 |
| Код за отписване | Код за изгубен артикул | Източник на класификационната схема | Код за повреда | Коз за рестрикции | Код за отдаване | Артикулен № | Име на библиотеката - собственик | Име на библиотеката, в която се намира в момента | Статус (Текущо местоположение) | Дата на вписване в системата | Местоположение - отдел | Цена в лева | Инвентарен номер | Систематично азбучна сигнатура | Баркод | Номер на екземпляра | Цена в евро | Служебна бележка | Служебен тип на артикула |
|---|---|---|---|---|---|---|---|---|---|---|---|---|---|---|---|---|---|---|---|
| Не е изгубен | Universal Decimal Classification | Не е повреден | без рестрикции | ползва се в читалня | 287326 | Регионална библиотека "Любен Каравелов" Русе | Регионална библиотека "Любен Каравелов" Русе | Хранилище | 1992-01-01 | Хранилище | 0.42 | 578737 | Цб І 26365 | 120000578737 | 1 | 0.21 | Дост: Dp Вид: Д N: стар фонд Дата: 01.01.1992 | Книги | |
| Изтеглен | Не е изгубен | Universal Decimal Classification | Не е повреден | без рестрикции | заемане за дома | 287327 | Регионална библиотека "Любен Каравелов" Русе | Регионална библиотека "Любен Каравелов" Русе | Заемна - подръчен фонд | 1992-01-01 | Заемна - подръчен фонд | 2.45 | 625385 | П 820(73)-31/Л 38 | 625385 | 2 | 1.25 | Вид: Сф N: стар фонд Дата: 01.01.1992 | Книги |
| Изтеглен | Не е изгубен | Universal Decimal Classification | Не е повреден | без рестрикции | заемане за дома | 287328 | Регионална библиотека "Любен Каравелов" Русе | Регионална библиотека "Любен Каравелов" Русе | Детски отдел | 1992-01-01 | Детски отдел | 0.21 | 625386 | ДХ 820/899/Л 38 | 625386 | 3 | 0.11 | Вид: Сф N: стар фонд Дата: 01.01.1992 Дата инв: 11.09.2015 Бележки инв: Д2015 | Книги |